| 000 | 01252nam a2200253 a 4500 | ||
|---|---|---|---|
| 001 | 000172190 | ||
| 003 | AM-YeHGA | ||
| 005 | 20250617123437.0 | ||
| 008 | 950720s1983 ru ||||gr|||||||||0|rus|d | ||
| 040 | _aAM-YeHGA | ||
| 041 | 0 | _arus | |
| 100 | 1 | _aИлюхина, Валентина Александровна | |
| 245 | 1 | 0 |
_aСверхмедленная управляющая система мозга и память / _cВ.А. Илюхина, Ю.С. Бородкин, И.А. Лапина ; Под ред. Н.П. Бехтеревой ; АН СССР, Науч. совет по пробл. прикл. физиологии человека, Ин-т физиологии им. И. П. Павлова |
| 260 |
_aЛенинград : _bНаука. Ленингр. отд-ние, _c1983. |
||
| 300 |
_a127 с. : _bил. ; _c20 см. |
||
| 650 | 1 | 4 | _aПамять - Биохимия |
| 650 | 1 | 4 | _aПамять - Физиология |
| 700 | 1 | _aБородкин, Юрий Сергеевич | |
| 700 | 1 | _aЛапина, Искра Арминаковна | |
| 700 | 1 |
_aБехтерева, Н.П. _eред. _4edt |
|
| 710 | _aИнститут физиологии им. И. П. Павлова АН СССР | ||
| 942 |
_2udc _cBK |
||
| 090 | _c59877 | ||
| 999 |
_c58916 _d58916 |
||